UBT Library

Epistemological problems of economics / (Record no. 43146)

000 -LEADER
fixed length control field 00728cam a2200241 a 4500
001 - CONTROL NUMBER
control field 1355163
005 - DATE AND TIME OF LATEST TRANSACTION
control field 20180222042735.0
008 - FIXED-LENGTH DATA ELEMENTS--GENERAL INFORMATION
fixed length control field 800925t19811976nyu b 001 0 eng
010 ## - LIBRARY OF CONGRESS CONTROL NUMBER
LC control number 80024604
020 ## - INTERNATIONAL STANDARD BOOK NUMBER
International Standard Book Number 0814787576 :
Terms of availability $20.00
020 ## - INTERNATIONAL STANDARD BOOK NUMBER
International Standard Book Number 0814787584 (pbk.) :
Terms of availability $7.00
040 ## - CATALOGING SOURCE
Original cataloging agency DLC
Transcribing agency DLC
Modifying agency DLC
041 1# - LANGUAGE CODE
Language code of text/sound track or separate title engger
080 ## - UNIVERSAL DECIMAL CLASSIFICATION NUMBER
Universal Decimal Classification number 330.1
082 00 - DEWEY DECIMAL CLASSIFICATION NUMBER
Classification number 330.1 MIS
Edition number 19
100 1# - Rafti
Rafti 52
101 ## - Shkurtesa
Shkurtesa EKO
240 10 - UNIFORM TITLE
Uniform title <a href="[Grundprobleme der Nationalökonomie.">[Grundprobleme der Nationalökonomie.</a>
Language of a work English]
245 10 - TITLE STATEMENT
Title Epistemological problems of economics /
Statement of responsibility, etc by Ludwig von Mises ; translated by George Reisman.
504 ## - BIBLIOGRAPHY, ETC. NOTE
Bibliography, etc Includes bibliographical references and index.
906 ## - LOCAL DATA ELEMENT F, LDF (RLIN)
a 7
b cbc
c orignew
d u
e ocip
f 19
g y-gencatlg
942 ## - ADDED ENTRY ELEMENTS (KOHA)
Source of classification or shelving scheme
Item type Books
Holdings
Withdrawn status Lost status Source of classification or shelving scheme Damaged status Not for loan Collection code Permanent location Current location Shelving location Date acquired Total Checkouts Full call number Barcode Date last seen Price effective from Koha item type
          Koleksioni i përgjithshem UBT - Lipjan UBT - Lipjan Koleksioni i përgjithshem 02/22/2018   330.1 MIS 002-2999739 02/22/2018 02/22/2018 Books
UBT Library © 2015-2024. All rights reserved University Education for Business and Technology